00580cam a22001692 4500001001100000005001700011008004100028020002600069040001500095100003100110245009700141250001200238260006500250300001500315650004100330700003900371000000619820151217155213.0070925s xx 000 0 eng d a9966008972 :cKES 570 aKABUcKABU1 aDondo, Madara.@000015759410aGuidance and counselling for schools and colleges. /cMadara Dondo and Lillian Madara Dondo. a5th ed. aNairobi :bMigori School of Guidance and Counselling,c2007. aix, 357 p. 0aEducational counselling.@00001572601 aDondo, Lillian Madara.@0000157595